Loading...

Madhavikuttyute moonu novelukal/

Bibliographic Details
Main Author: Madhavikutty
Format: Printed Book
Language:Malayalam
Published: Kottayam: D. C. Books, 1997
LEADER 00574nam a22001817a 4500
003 OSt
005 20200624134610.0
008 160211b xxu||||| |||| 00| 0 mal d
041 |a mal 
082 |a 853.3M3 MAD 
100 |a Madhavikutty 
245 |a Madhavikuttyute moonu novelukal/  |c Madhavikutty 
260 |a Kottayam:  |b D. C. Books,  |c 1997 
300 |a 80p. 
546 |a In Malayalam 
942 |2 ddc  |c BK 
999 |c 326899  |d 326899 
952 |0 0  |1 0  |2 ddc  |4 0  |6 853_000000000000000_3M3_MAD  |7 0  |9 373440  |a CSC  |b CSC  |c ST1  |d 2016-02-11  |i 8637  |l 0  |o 853.3M3 MAD  |p CSC8637  |r 2016-02-11  |w 2016-02-11  |y BK